|
|
|
|
| LEADER |
01363nam a2200229 i 4500 |
| 003 |
GR-PaULI |
| 005 |
20240710140355.0 |
| 008 |
181203s1985 gr a|||g |||| 001 0 gre d |
| 040 |
|
|
|a GR-PaULI
|b gre
|c GR-PaULI
|e AACR2
|
| 082 |
0 |
4 |
|2 23
|a 938.1
|
| 245 |
0 |
0 |
|a Μελέτες για την αρχαία Θεσσαλονίκη /
|c επιμέλεια Πολυξένη Αδάμ-Βελένη.
|
| 246 |
1 |
|
|i Τίτλος εξωφύλλου :
|a Θεσσαλονίκην Φιλίππου βασίλισσαν
|
| 260 |
|
|
|a Θεσσαλονίκη :
|b Αρχαιολογικό Μουσείο Θεσσαλονίκης,
|c 1985.
|
| 300 |
|
|
|a xiv, 990, [3] σ. ;
|c 24 εκ.
|
| 500 |
|
|
|a Περιλαμβάνει ευρετήριο.
|
| 651 |
|
4 |
|9 172558
|a Θεσσαλονίκη
|x Αρχαιότητες.
|
| 700 |
1 |
|
|a Αδάμ-Βελένη, Πολυξένη
|e επιμελήτρια.
|9 42284
|
| 942 |
|
|
|2 ddc
|c BK
|
| 952 |
|
|
|0 0
|1 0
|2 ddc
|4 0
|6 938_100000000000000_ΜΕΛ
|7 0
|9 228001
|a LISP
|b LISP
|c BSC
|d 2018-12-03
|i 013433
|l 0
|o 938.1 ΜΕΛ
|p 025000259614
|r 2018-12-03 00:00:00
|t 1
|v 2018.00
|w 2018-12-03
|y BK15
|x Μεταφορά Τμήματος Φιλολογίας
|
| 952 |
|
|
|0 0
|1 0
|2 ddc
|4 0
|6 938_100000000000000_ΜΕΛ
|7 0
|9 373941
|a LISP
|b LISP
|c BSC
|d 2023-09-14
|i 260906
|l 0
|o 938.1 ΜΕΛ
|p 025000302238
|r 2023-09-14 00:00:00
|t 2
|w 2023-09-14
|y BK15
|
| 998 |
|
|
|c ΒΑΣΙΛΕΙΟΥ
|d 2018-12
|
| 999 |
|
|
|c 137554
|d 137554
|